000 01532nam a2200373 c 4500
003 BLK
005 20250723141452.0
008 180411b bul|||||r ||||||| ||bul||
010 _aKNG00205172000
020 _a978-954-585-560-6
_bиздат.: Бард - (грешен)
040 _aBLK
041 _aBUL
_cBUL
072 7 _2bullib
_aН83
_xЧужда художествена литература Н
080 _aАмериканска литература (на САЩ)
_b821.111(73)
_x-312.4
_z821.111(73)-312.4
100 1 _aКларк, Мери Хигинс
_eпърви автор
_9371250
700 1 _aВиронова, Татяна Атанасова
_9365852
139 _aКларк, Мери Хигинс
_bК 63
245 1 0 _aНощта на бухала
_bРоман
_cМери Хигинс Кларк; прев. от англ. Таня Виронова.
250 _a[2. изд.]
257 _aUSA
260 София
_bБард
_c2017
_fСофия : Алианс принт
300 _a352 с.
_c20 см
380 _aX
500 _a1. изд. 2004. - Ориг. загл. Nighttime Is My Time / Mary Higgins Klark. - Прев. известна като Татяна Виронова.
653 _aкрими
653 _aромани
659 _aН
852 _aЦб 285208
856 4 _qpdf
_u
856 4 _qpdf
_u
942 _cKNG
_n0
_0112
944 _aCR
_c19.04.2017
_lМартин Енчев
_k30575
944 _aED
_c28.04.2017
_lф /
_kЛюдмила_Стоянова
999 _c195917
_d195917